000 00300nam a22001337a 4500
008 180922b xxu||||| |||| 00| 0 eng d
020 _a9780077424305
041 _aeng
080 _a371
100 _a25
101 _aEDU
245 _aHandbook of the McGraw-Hill Guide
_cRoen, D
942 _2udc
_cBK
999 _c48259
_d48259